000 00657nam a2200181Ia 4500
005 20250508163438.0
008 008 250505s9999 xx 000 0 eng d
037 _aBooks to be hide in OPAC
040 _aFEDL
_beng
_cFEDL
041 _aeng
_2eng
084 _a372.95484, IND/O
_qFEDL
245 0 _aWastage, stagnation and inequality of opportunity in rural primary education: A case study of Andhra Pradesh
245 0 _cGovernment of India
260 _aNew Delhi, India
_bMinistry of Human Resource development (Department of Education)
_c1987
300 _axxi,83p.
942 _cHB
_h372.95484, IND/O
999 _c1383284
_d1383284